000 01119nji a22002657a 4500
005 20100910135836.0
006 a|||||r|||||00| 0
007 sd ammalaaahaa
008 100830t xxu||||| |||| 00| 0 eng d
028 _aN 55633
_bHis Master's Voice
035 _aGR-01829
040 _aSED
_cSED
100 _917455
_aMangeshkar, Lata
245 _aMere huzoor /
_cby Lata Mangeshkar ; music by Shankar Jaikishan ; lyrics by Hasrat Jaipuri
_h[sound recording] :
246 _aमेरे हुज़ूर
260 _aDum Dum, India
_bHis Master's Voice
300 _a1 sound disc [Gramophone Recording]:
_banalog, 33 1/3 rpm
_c9.5 in. (MP)
_fGramophone Record
500 _aBrief Record
505 _aSide-1 गम उठाने के लिए (Gum uthane ke liye) (Mohd. Rafi) --Side-२ चांदी छल्ला (Chandi challa) (Lata Mangeshkar)
650 _aMotion Picture music
_zIndia
_91186
_xExcerpts
700 _917416
_aJaikishan, Shankar
700 _917456
_aJaipuri, Hasrat
942 _2ddc
_cGR
999 _c45108
_d45108